000
00322nam a22001337a 4500
082
_a
510
_b
SHA/A
100
_a
SHARMA, J.N
245
_a
ADVANCED DIFFERENTIAL CALCULUS
250
_a
EIGHTEENTH EDITION
260
_a
MEERUT
_b
KRISHNA PRAKASHAN MEDIA
_c
2002
300
_a
242
650
_a
MATHS REFERENCE
_z
INDIA
942
_c
BK
999
_c
1258
_d
1258